000 01318nam a22002537a 4500
999 _c359456
_d359456
001 73176
003 UA-OsUOA
005 20230504161315.0
007 ta
008 20110214b un ||||| |||| 00| 0 ukr d
020 _a978-966-8533-80-8
040 _aUA-OsUOA
_bukr
_cUA-OsUOA
_dUA-OsUOA
041 _aukr
080 _a347.1(477)
090 _a347.1(477)
_bЦ58
245 _aЦивільне право: практикум
_bнавч. посіб.
_cза ред. Майданика Р. А., Кузнєцової Н. С., Дзери О. В.
260 _aК.
_bПравова Єдність
_c2009
300 _a752 с.
520 _aПосібник підготовлено у відповідності до навчального курсу «Цивільне право України». Видання містить методичні вказівки по кожній темі, плани проведення практичних занять, завдання і списки літератури та нормативних актів, необхідних для вивчення кожної теми.
650 7 _a347 Цивільне право. Судовий устрій
_2UDC
942 _cBK
_2udc
955 _a2